000 00647nam a2200205Ia 4500
005 20250508152844.0
008 008 250505s9999 xx 000 0 eng d
037 _aTextual
040 _aFEDL
_beng
_cFEDL
041 _aeng
_2eng
084 _a954.02, HAB
_qFEDL
100 _aHabibullah A B M
245 0 _aFoundation of Muslim rule in India
250 _a2nd Rev. Edition
260 _aAllahabad, India
_bCentral Book Depot
_c1961
300 _a389p
546 _aA history of the Establishment and progress of the Turkish Sultanate of Delhi: 1206-1290 A. D.
942 _cTEXL
_h954.02, HAB
999 _c1339220
_d1339220